000 00261nam a22001217a 4500
041 _aENG
100 _aPeter Quaak
245 _aEnergy From Biomass
260 _aWashington
_bThe World Bank
_c1999
300 _a78
650 _aEOES ( 12 )
856 _uEOES ( 12 )
999 _c2727
_d2727